000 00397nam a2200169Ia 4500
005 20250423095542.0
008 250422s9999 xx 000 0 und d
020 _a0-395-64496-8
050 _aHF 5415 .L4764/
100 _aJay Conrad Levinson
245 0 _aGuerrilla Marketing
260 _aBoston
260 _bHoughton Mifflin Company
260 _c1993
300 _a327 p
942 _cBK
999 _c30624
_d30624